Indian archaeology today / (Record no. 56215)
[ view plain ]
| 000 -LEADER | |
|---|---|
| fixed length control field | 00743nam a2200253 a 4500 |
| 001 - CONTROL NUMBER | |
| control field | 56215 |
| 003 - CONTROL NUMBER IDENTIFIER | |
| rucl marc code | BD-RJUL |
| 005 - DATE AND TIME OF LATEST TRANSACTION | |
| control field | 20211209080352.0 |
| 008 - FIXED-LENGTH DATA ELEMENTS--GENERAL INFORMATION | |
| fixed length control field | 161127s1962 enkab b 001 0 eng |
| 035 ## - SYSTEM CONTROL NUMBER | |
| System control number | (BD-RJUL)56339 |
| 040 ## - CATALOGING SOURCE | |
| Original cataloging agency | DLC |
| Transcribing agency | KSU |
| Modifying agency | BD-RJUL |
| Language of cataloging | eng |
| 041 ## - LANGUAGE CODE | |
| Language code of text/sound track or separate title | eng |
| 082 ## - DEWEY DECIMAL CLASSIFICATION NUMBER | |
| Edition number | 23 |
| Classification number | 934 |
| Author mark and year | SAI 1962 |
| 090 ## - LOCALLY ASSIGNED LC-TYPE CALL NUMBER (OCLC); LOCAL CALL NUMBER (OCLC) | |
| Classification number (OCLC) (R) ; Classification number, CALL (RLIN) (NR) | DS418 |
| Local cutter number (OCLC) ; Book number/undivided call number, CALL (RLIN) | .S3 1962a |
| 100 1# - MAIN ENTRY--PERSONAL NAME | |
| Personal name | Sankalia, Hasmukhlal Dhirajlal. |
| 9 (RLIN) | 167292 |
| 245 10 - TITLE STATEMENT | |
| Title | Indian archaeology today / |
| Statement of responsibility, etc. | H.D. Sankalia. |
| 260 ## - PUBLICATION, DISTRIBUTION, ETC. (IMPRINT) | |
| Place of publication, distribution, etc. | London : |
| Name of publisher, distributor, etc. | Asia Pub. House, |
| Date of publication, distribution, etc. | c1962. |
| 300 ## - PHYSICAL DESCRIPTION | |
| Pagination | 144 p. : |
| Illustrations | ill. ; |
| Size | 23 cm. |
| 490 1# - SERIES STATEMENT | |
| Series statement | Heras memorial lectures ; |
| Volume/sequential designation | 1960 |
| 500 ## - GENERAL NOTE | |
| General note | Includes index. |
| 651 #0 - SUBJECT ADDED ENTRY--GEOGRAPHIC NAME | |
| Geographic name | India |
| General subdivision | Antiquities. |
| 9 (RLIN) | 157963 |
| 830 #0 - SERIES ADDED ENTRY--UNIFORM TITLE | |
| Uniform title | Heras memorial lectures ; |
| Volume number/sequential designation | 1960 |
| 942 ## - ADDED ENTRY ELEMENTS (KOHA) | |
| Source of classification or shelving scheme | Dewey Decimal Classification |
| Koha item type | Books |
| Lost status | Source of classification or shelving scheme | Damaged status | Not for loan | Collection code | Permanent Location | Current Location | Shelving location | Date acquired | Source of acquisition | Cost, normal purchase price | Total Checkouts | Full call number | Date last seen | Copy number | Koha item type |
|---|---|---|---|---|---|---|---|---|---|---|---|---|---|---|---|
| Dewey Decimal Classification | Non-fiction | Central Library, University of Rajshahi | Central Library, University of Rajshahi | 12/12/1964 | N/A | 0.00 | 934 SAI 1962 | 28/11/2016 | C-2 | Books |